000 00339pam a2200145a 44500
008 230405s xxu||||| |||| 00| 0 eng d
041 _aENG
100 _aK. K. PILLAI
245 _aEXPERIMENTAL PHARMACOLOGY
250 _a1 1999
260 _aNEW DELHI
_bCBS PUBLISHERS DELHI
_c
300 _a124
650 _aPHARMACOLOGY
906 _a325
999 _c275596
_d275596